| 000 | 00833nam a22001697a 4500 | ||
|---|---|---|---|
| 003 | NUST | ||
| 005 | 20221221112253.0 | ||
| 020 | _a13-969-35-0689-8 | ||
| 022 | _213-978-969-35-0689-1 | ||
| 082 | _a181.07, IQB | ||
| 100 |
_aIqbal, Allama Muhammad _95789 |
||
| 245 |
_aThe Reconstruction of Religious Through in Isla; _cAllama Muhammad Iqbal |
||
| 260 |
_aLahore _bSang-e-Meel Pub _c2016 |
||
| 300 | _a159: pages | ||
| 505 | _aKnowledge and Religious Experience (Page-9), The Philosophiical Test of the Revelation of Religious Experience (Page-33), The Conception of God and the Meaning of Prayer (Page-61), The Human Ego- His Freefom an Immortality (Page-100), The Spirit of Muslims Culture (Page-111), The Principle of Movement in the Structure of Islam (Page-129), Is Religious Possible ? (Page-159). | ||
| 942 |
_2ddc _cBK |
||
| 999 |
_c592760 _d592760 |
||